LEADER 01081nam0-22003611i-450- 001 990008298210403321 005 20060320131055.0 010 $a88-17-12157-6 035 $a000829821 035 $aFED01000829821 035 $a(Aleph)000829821FED01 035 $a000829821 100 $a20020326d2004----km-y0itay50------ba 101 2 $aita$cgrc 102 $aIT 105 $aab------001cd 200 1 $aAnabasi$fSenofonte$gintroduzione di Italo Calvino, traduzione, note e premessa al testo di Franco Ferrari 205 $a12. ed. 210 $aMilano$cRizzoli$d2004 215 $a509 p.$cill.$d18 cm 225 1 $aBUR$iClassici greci e latini 500 10$aAnabasis$m$917569 676 $a880.01 700 1$aXenophon$f<427/26- ca. 353 a. C.>$075253 702 1$aCalvino,$bItalo$f<1923-1985> 702 1$aFerrari,$bFranco 801 0$aIT$bUNINA$gRICA$2UNIMARC 901 $aBK 912 $a990008298210403321 952 $aP2B-600-BUR-XENOPH.-406A-2004$bBibl.53161$fFLFBC 959 $aFLFBC 996 $aAnabasis$917569 997 $aUNINA LEADER 00958nam a2200241 i 4500 001 991003183479707536 008 070919s2007 it 000 0 ita d 020 $a9788842214960 035 $ab13644944-39ule_inst 040 $aDip.to Studi Giuridici$bita 082 0 $a363.690 945 110 2 $aFederculture$0321750 245 13$aLa cultura per un nuovo modello di sviluppo :$bquarto rapporto annuale Federculture 2007 /$ca cura di Roberto Grossi 260 $a[Torino] :$bAllemandi & C.,$cstampa 2007 300 $a360 p. ;$c24 cm 650 4$aPatrimonio culturale$xGestione$zItalia$y2007 700 1 $aGrossi, Roberto 907 $a.b13644944$b28-01-14$c16-01-08 912 $a991003183479707536 945 $aLE027 363.69 GRO01.02$g1$i2027000172733$lle027$o-$pE20.00$q-$rl$s- $t0$u7$v5$w7$x0$y.i14687793$z06-03-08 996 $aCultura per un nuovo modello di sviluppo$91212374 997 $aUNISALENTO 998 $ale027$b16-01-08$cm$da $e-$fita$git $h3$i0